00759cam a22002411 4500001001300000003000400013005001700017008004100034010001700075025001900092035002000111040001800131042001200149050002500161100003400186245011300220260005600333300001900389504003200408650003100440650002900471999001700500ne 66000054 DLC20260227111820.0890927s1965 ua b 000 0 arar  ane 66000054  aPL480:UAR-6481 a(OCoLC)20402586 aDLCcWaUdDLC apremarc00aKBP3950.2b.B34 19651 aBahnasī, Aḥmad Fatḥī.13aal-Siyāsah al-jināʼīyah fī al-sharīʻah al-Islāmīyah,ctaʼlīf Aḥmad Fatḥī Bahnasī. aal-Qāhirah,bMaktabat Dār al-ʻUrūbah,c1965. a260 p.c24 cm. aBibliography: p. [249]-251. 0aCriminal law (Islamic law) 0aPunishment (Islamic law) c48627d48627